Cervical Vert Terms Superior - Statistics

General Stats
  • This quiz has been taken 16 times
  • The average score is 5 of 9
Answer Stats
Hint Answer % Correct
7 Transverse Foramen
100%
6 Transverse Process
100%
2 Vertebral Foramen
100%
4 Lamina
50%
5 Spinous Process
50%
1 Vertebral Body
50%
3 Pedicle
0%
9 Postzygapophysis
0%
8 Prezygapophysis
0%
No matching quizzes found
Score Distribution
Percent of People with Each Score
Percentile by Number Answered
Your Score History
You have not taken this quiz